Regeneration initiatives with impact (Record no. 71576)

MARC details
000 -LEADER
fixed length control field 01090cam a2200229 4500
001 - CONTROL NUMBER
control field ABS66178
008 - FIXED-LENGTH DATA ELEMENTS--GENERAL INFORMATION
fixed length control field 021118n2002 000 0 eng u
035 ## - SYSTEM CONTROL NUMBER
System control number (Sirsi) u120489
100 ## - MAIN ENTRY--PERSONAL NAME
Personal name Dickinson, S
245 ## - TITLE STATEMENT
Title Regeneration initiatives with impact
260 ## - PUBLICATION, DISTRIBUTION, ETC.
Date of publication, distribution, etc. 2002
490 ## - SERIES STATEMENT
Series statement Regeneration and Renewal
Volume/sequential designation 1 November 2002, 4(1)
520 ## - SUMMARY, ETC.
Summary, etc. Discusses the importance of statistics in the assessment of regeneration schemes. Argues that activity to improve the quality of life takes place against a backdrop of national and regional trends Also states that local data has to be seen to be informing decision-making and evaluation. Gives an example of Hartlepool Borough Council which monitors the effects of a range of grant-aid schemes that fund areas such as inward investment. This helps the distribution of funding for sustainable improvements in the service.
590 ## - LOCAL NOTE (RLIN)
Local note ABS
650 ## - SUBJECT ADDED ENTRY--TOPICAL TERM
Topical term or geographic name entry element REGENERATION POLICY
650 ## - SUBJECT ADDED ENTRY--TOPICAL TERM
Topical term or geographic name entry element STATISTICAL DATA
650 ## - SUBJECT ADDED ENTRY--TOPICAL TERM
Topical term or geographic name entry element POVERTY
650 ## - SUBJECT ADDED ENTRY--TOPICAL TERM
Topical term or geographic name entry element PUBLIC SERVICES
650 ## - SUBJECT ADDED ENTRY--TOPICAL TERM
Topical term or geographic name entry element QUALITY OF LIFE
690 ## - LOCAL SUBJECT ADDED ENTRY--TOPICAL TERM (OCLC, RLIN)
Topical term or geographic name as entry element REGENERATION
942 ## - ADDED ENTRY ELEMENTS (KOHA)
Suppress in OPAC 0
Holdings
Withdrawn status Lost status Source of classification or shelving scheme Damaged status Not for loan Home library Current library Shelving location Date acquired Total Checkouts Full call number Barcode Date last seen Copy number Price effective from Koha item type
    Dewey Decimal Classification     London London Journal article 18/11/2002   ABS66178 120489-1001 06/08/2019 1 06/08/2019 Journal article